Statistics for Xmen: Apocalypse

Click here to take the quiz!

General Stats

  • This quiz has been taken 259 times
  • The average score is 13 of 16

Answer Stats

HintAnswer% Correct
Male Magnetism manipulationMagneto
95%
Female TelepathJean Grey
93%
Female Weather manipulationStorm
93%
Male SuperspeedQuicksilver
92%
Male Adamantium clawsWolverine
92%
Male Optic force blastsCyclops
91%
Female ShapeshifterMystique
90%
Male TelepathProfessor X
90%
Male TeleporterNightcrawler
88%
Male Animal like physiologyBeast
86%
Male FlightAngel
82%
Male ImmortalityApocalypse
79%
Female Psychic KatanaPsylocke
71%
Male Energy blastsHavok
69%
Female Explosively charge objectsJubilee
49%
Male Mutant trackerCaliban
32%

Score Distribution

Percentile by Number Answered

Percent of People with Each Score

Your Score History

You have not taken this quiz